Modern criminal law /
محفوظ في:
| المؤلف الرئيسي: | |
|---|---|
| مؤلفون آخرون: | , |
| التنسيق: | كتاب |
| منشور في: |
London ; Portland, Or. :
Cavendish,
2003.
|
| الطبعة: | 5th ed. |
| الموضوعات: | |
| الوصول للمادة أونلاين: | http://www.loc.gov/catdir/description/cav051/2004268460.html http://www.loc.gov/catdir/bios/cav051/2004268460.html http://www.loc.gov/catdir/enhancements/fy0620/2004268460-t.html |
| الوسوم: |
إضافة وسم
لا توجد وسوم, كن أول من يضع وسما على هذه التسجيلة!
|
MARC
| LEADER | 00000cam a22000007a 4500 | ||
|---|---|---|---|
| 020 | |a 9781859418079 |c TZS 72594.96 | ||
| 040 | |a MUL |b eng. |e AACR | ||
| 082 | 0 | 4 | |a 345.42 MOL |
| 100 | 1 | |a Molan, Michael T. | |
| 245 | 1 | 0 | |a Modern criminal law / |c Mike Molan, Duncan Bloy, Denis Lanser. |
| 250 | |a 5th ed. | ||
| 260 | |a London ; |a Portland, Or. : |b Cavendish, |c 2003. | ||
| 300 | |a xlii, 419 p. ; |c 24 cm. | ||
| 504 | |a Includes bibliographical references (p.[389]-392) and index. | ||
| 650 | 0 | |a Criminal law |z England. | |
| 650 | 0 | |a Criminal law |z Wales. | |
| 650 | 0 | |a Crime | |
| 700 | 1 | |a Bloy, Duncan. | |
| 700 | 1 | |a Lanser, Denis. | |
| 856 | 4 | 2 | |u http://www.loc.gov/catdir/description/cav051/2004268460.html |
| 856 | 4 | 2 | |u http://www.loc.gov/catdir/bios/cav051/2004268460.html |
| 856 | 4 | 1 | |u http://www.loc.gov/catdir/enhancements/fy0620/2004268460-t.html |
| 942 | |c BK | ||
| 999 | |c 1117 |d 1117 | ||